| 000 -LEADER |
| fixed length control field |
00649nam a2200229Ia 4500 |
| 001 - CONTROL NUMBER |
| control field |
3369 |
| 003 - CONTROL NUMBER IDENTIFIER |
| control field |
GE_BSU |
| 008 - FIXED-LENGTH DATA ELEMENTS--GENERAL INFORMATION |
| fixed length control field |
181216s||||||||xx |||||||||||||| ||und|| |
| 040 ## - CATALOGING SOURCE |
| Transcribing agency |
GE_BSU |
| 080 ## - UNIVERSAL DECIMAL CLASSIFICATION NUMBER |
| Universal Decimal Classification number |
621.002 |
| 245 ## - TITLE STATEMENT |
| Title |
Экономика и организация и планирование машиностроительного производства |
| 245 ## - TITLE STATEMENT |
| Remainder of title |
Учебник |
| 245 ## - TITLE STATEMENT |
| Statement of responsibility, etc. |
Ред.И.Г.Исмаилова |
| 250 ## - EDITION STATEMENT |
| Edition statement |
Изд 2-ое.Перераб.и доп. |
| 260 ## - PUBLICATION, DISTRIBUTION, ETC. |
| Place of publication, distribution, etc. |
М |
| 260 ## - PUBLICATION, DISTRIBUTION, ETC. |
| Name of publisher, distributor, etc. |
Высш. школа |
| 260 ## - PUBLICATION, DISTRIBUTION, ETC. |
| Date of publication, distribution, etc. |
1979 |
| 300 ## - PHYSICAL DESCRIPTION |
| Extent |
455стр. |
| 300 ## - PHYSICAL DESCRIPTION |
| Other physical details |
илл. |
| 300 ## - PHYSICAL DESCRIPTION |
| Dimensions |
22см |
| 942 ## - ADDED ENTRY ELEMENTS (KOHA) |
| Koha item type |
წიგნი |